Langues par drapeaux combinés - Statistiques

Statistiques générales
  • Ce quiz a été pris 24 138 fois
    23 241 depuis la dernière actualisation
  • Le résultat moyen est 13 sur 16
Statistiques - réponses
Par images Réponse % Correct
Français
100%
Allemand
99%
Anglais
99%
Espagnol
99%
Portugais
99%
Italien
98%
Russe
96%
Chinois (mandarin et cantonais)
89%
Suédois
89%
Coréen
88%
Serbo-croate
84%
Roumain
80%
Néerlandais
73%
Catalan
55%
Afrikaans
24%
Swahili
24%
Aucun quiz correspondant
Distribution des résultats
% des personnes avec chaque résultat
Percentile par nombre de réponses
Votre historique - résultats
Vous n’avez pas pris ce quiz depuis la dernière actualisation